| 000 | 00814nam a22002657a 4500 | ||
|---|---|---|---|
| 001 | 000347 | ||
| 003 | DO-SdBNP | ||
| 005 | 20171109104706.0 | ||
| 007 | 000347 | ||
| 008 | 160704b 2004 xxu xxu||||| |||| 00| 0 spa d | ||
| 020 | _a9780300107777 | ||
| 040 |
_aBPMSU _bspa _cBPMSU |
||
| 082 | 4 |
_a 337 _bW853w |
|
| 100 | 1 |
_a Wolf, Martin, _d1946- |
|
| 245 | 1 | 0 |
_aWhy globalization works / _cMartin Wolf. |
| 260 | 0 |
_aNew Haven : _bYale Nota Bene/Yale University Press, _c2005. |
|
| 300 |
_axviii, 398 p. : _bil. ; _c25 cm. |
||
| 504 | _aBibliografía: p.364-380 | ||
| 650 | 4 |
_aGLOBALIZACIÓN _xASPECTOS ECONÓMICOS |
|
| 650 | 4 | _aECONOMIA INTERNACIONAL | |
| 910 | _aValidado. Control de calidad MFF | ||
| 942 |
_2ddc _cBK |
||
| 945 | _aInventariado,2017/MFF | ||
| 956 |
_2LOPEREZ _310 _620160704 _8BPMSU _a00041 |
||
| 999 |
_c10671 _d10671 |
||